| 000 | 00755nas a2200265 4500 | ||
|---|---|---|---|
| 001 | BR0706040 | ||
| 003 | BR-BrBNA | ||
| 005 | 20231205111220.0 | ||
| 007 | ta | ||
| 008 | 230509b bl.|||p| |||| 00| 00por d | ||
| 040 |
_aBR-BrBNA _bpor _cBiblioteca Nacional de Agricultura |
||
| 041 | _a(Pt) | ||
| 072 | _aL70 | ||
| 100 | 1 | _aPereira, F.L.G. | |
| 100 | 1 | _aValadão, C.A.A. | |
| 100 | 1 | _aFarias, A. | |
| 100 | 1 | _aKihara, L.L. | |
| 245 | 1 | _aAvaliação dos efeitos da aplicação epidural de amitraz em cães | |
| 650 | _aCAO | ||
| 650 | _aANESTÉSICO | ||
| 650 | _aANALISE | ||
| 773 | 0 |
_tVeterinária Notícias (Brazil) _xISSN 0104-3463 _g(2003), v. 9(1) p. 31-36 _wBR0706040 |
|
| 909 |
_a202311 _bLúcia _c55 _dLúcia Elande |
||
| 942 |
_2AGRIS _n0 _cANA |
||
| 999 |
_c191405 _d191405 |
||